Cómo interpretar... una prescripción dietética (Record no. 188794)

MARC details
000 -LEADER
campo de control de longitud fija 00899nam a2200241 i 4500
001 - NÚMERO DE CONTROL
campo de control 188794
003 - IDENTIFICADOR DE NÚMERO DE CONTROL
campo de control ES-MaACL
005 - FECHA Y HORA DE LA ÚLTIMA TRANSACCIÓN
campo de control 20230906223314.0
007 - CAMPO FIJO DE DESCRIPCIÓN FÍSICA--INFORMACIÓN GENERAL
campo de control de longitud fija t|
008 - DATOS DE LONGITUD FIJA--INFORMACIÓN GENERAL
campo de control de longitud fija 190215s1963 sp ||||1| spa d
100 1# - ENTRADA PRINCIPAL--NOMBRE DE PERSONA
Nombre de persona Demole, Michel.
9 (RLIN) 166291
245 10 - MENCIÓN DEL TÍTULO
Título Cómo interpretar... una prescripción dietética
Resto del título : los regímenes del enfermo / Michel Demole..., A. Brechbuehler-Mutrux..., F. Voegelin... ; versión... del Dr. J.M. Cañadell.
260 ## - PUBLICACIÓN, DISTRIBUCIÓN, ETC.
Lugar de publicación, distribución, etc. Madrid :
Nombre del editor, distribuidor, etc. Daimon,
Fecha de publicación, distribución, etc. [1963]
300 ## - DESCRIPCIÓN FÍSICA
Extensión 135 p., 1 h. pleg. ; 16 cm ;
Dimensiones 16 cm.
490 1# - MENCIÓN DE SERIE
Mención de serie Colección Médica Internacional ;
Designación de volumen o secuencia 11
650 #4 - PUNTO DE ACCESO ADICIONAL DE MATERIA--TÉRMINO DE MATERIA
Término de materia o nombre geográfico como elemento de entrada Dietas para enfermos.
9 (RLIN) 11883
700 1# - ENTRADA AGREGADA--NOMBRE PERSONAL
Nombre de persona Brechbuehler-Mutrux, A.
9 (RLIN) 166292
700 1# - ENTRADA AGREGADA--NOMBRE PERSONAL
Nombre de persona Voegelin, F.
9 (RLIN) 166293
700 1# - ENTRADA AGREGADA--NOMBRE PERSONAL
Nombre de persona Cañadell Vidal, José María.
9 (RLIN) 34728
830 0# - PUNTO DE ACCESO ADICIONAL DE SERIE-TÍTULO UNIFORME
Título uniforme Colección Médica Internacional ;
Designación de volumen o secuencia 11
9 (RLIN) 183453
852 ## - LOCALIZACIÓN
Ubicación ES-MaACL
Número de control de estantería P-488-10
Holdings
Estatus retirado Estado de pérdida Estado de daño No para préstamo Biblioteca de origen Biblioteca actual Ubicación en estantería Fecha de adquisición Fuente de adquisición Total de préstamos Signatura topográfica completa Código de barras Visto por última vez Precio de reemplazo Tipo de ítem Koha
        Biblioteca del Ateneo de Madrid Biblioteca del Ateneo de Madrid Depósito 2 15/02/2019     P-488-10 1199924 23/02/2023 23/02/2023 Libro impreso